000 01273nam a22003857a 4500
003 CHAP
005 20220329141742.0
008 971013s1993 r 00010 d
010 _a73338
011 _a74310
035 _a83869
040 _cCHAP
082 0 _a633
_bM39 v.15-21
110 2 _aMéxico. Dirección General de Política Agrícola
_977030
245 1 _aSistema producto mango
_b: datos básicos
260 _aMéxico D. F. :
_bLa Dirección,
_c1993
300 _a36 p.
_e+ anexo
500 _aEl anexo esta por separado y tiene 16 p.
501 _aEnc. con otros impresos similares
590 _aBATCH-UPD
_b10
_c20130110
_lUCH01
_h0604
590 _aBATCH-UPD
_b10
_c20130410
_lUCH01
_h0246
590 _aBATCH-UPD
_b10
_c20130914
_lUCH01
_h1743
590 _aCONVERSION
_b10
_c20130109
_lUCH01
_h1340
650 1 4 _aMango
_xCostos de producción.
_970404
650 1 4 _aMango
_xEnfermedades.
_970410
650 1 4 _aMango
_xExportación.
_970415
650 1 4 _aMango
_xImportación.
_970426
650 1 4 _aMango
_xMercadeo.
_970434
650 1 4 _aMango
_xNormas de calidad.
_970441
650 1 4 _aMango
_xPlagas.
_970443
650 1 4 _aMango
_xRendimiento.
_970455
901 _aBK
942 _cLIBRO
949 _a633 M39 v.15-21
_bBC
_cC
_d-38757
_eC
_h85097
_i83869
_si
999 _c73338
_d73338